50 coisas simples que as crianças podem fazer para salvar a terra (Registo nº 4298)

Detalhes MARC
000 -Etiqueta do registo
Cabeçalho 00919cam a2200313 4500
005 - Identificador da versão
Campo de controlo 20240813122057.0
095 ## -
-- PTBN00918717
010 ## - Número internacional normalizado dos livros (ISBN)
Número (ISBN) 9728329520
021 ## - Número do Depósito Legal
Código do país PT
Número 102917/96
100 ## - Dados gerais de processamento
Dados gerais de processamento 19970906d1996 cd y0pory5003 ba
102 ## - Pais de publicação ou produção
País de publicação Portugal
101 1# - Língua de publicação
Língua do texto, banda sonora, etc. Português
Língua do documento no original Inglês
106 ## - Campo de dados codificados: material textual
Dados codificados do material textual r
105 ## - Campo de dados codificados: livros
Dados codificados dos livros a z 001yy
215 ## - Descrição física 
Indicação específica da natureza do documento e extensão da espécie 307 p.
Outras indicações físicas il.
Dimensões 24 cm
200 1# - Titulo e menção de responsabilidade
Título próprio 50 coisas simples que as crianças podem fazer para salvar a terra
Primeira menção de responsabilidade The EarthWorks Group
Outras menções de responsabilidade trad. Paula Reis
225 1# - Colecção 
Título próprio da colecção Perspectivas ecológicas
Indicação de volume 1
205 ## - Menção da edição
Menção da edição 2ª ed. rev
210 ## - Publicação, Distribuição, etc. 
Lugar da edição, distribuição, etc. Lisboa
Nome do editor, distribuidor, etc. Inst. Piaget
Data da publicação, distribuição, etc. D.L. 1996
304 ## - Notas relativas a título e menção de responsabilidade 
Texto da nota Tít. orig. : 50 simple things kids can do to save the earth
675 ## - Classificação Decimal Universal (CDU)
Notação 087.5
Edição BN
Língua da edição por
Notação 502.3
Edição BN
Língua da edição por
702 #1 - Nome de autor-pessoa física (responsabilidade secundária)
Número de registo de entrada de autoridade 0001060
Palavra de ordem Reis
Outra parte do nome não tomada para palavra de ordem Paula
Código de função Tradutor
710 02 - Nome de colectividade-autor (responsabilidade principal)
Número de registo de entrada de autoridade 0001061
Palavra de ordem <The >Earth Works Group
942 ## - Elementos de entrada adicionados (Koha)
Tipo de item no Koha Livro
Exemplares
Situação do levantamento Origin of item (home branch) (coded) Biblioteca de empréstimo Código de barras Cota Circulation type (not for loan) Tipo de documento Nota do exemplar Damaged status
  Biblioteca Escolar das Vendas Biblioteca Escolar das Vendas BEV655 5EAR   Livro Sem mensagem